000
00309nam a2200133Ia 4500
008
211105s9999||||xx |||||||||||||| ||und||
082
_a
RD923.7 H831B 1996
084
_b
09-00470
100
_a
Bosch, Juan, 1909-2001
245
0
_a
Mujeres en la vida de Hostos
260
_c
1996
300
_a
0
999
_c
16593
_d
16593